Top 100 Biggest Cities in Arizona - Statistics

General Stats
  • This quiz has been taken 1,205 times
    322 since last reset
  • The average score is 31 of 100
Answer Stats
# City Population % Correct
1 Phoenix 1,608,139
99%
2 Tucson 542,629
99%
3 Mesa 504,258
98%
16 Flagstaff 76,831
94%
4 Chandler 275,987
91%
7 Scottsdale 241,361
90%
6 Glendale 248,325
89%
12 Yuma 95,548
87%
5 Gilbert 267,918
86%
9 Tempe 180,587
85%
8 Peoria 190,985
76%
10 Surprise 143,148
74%
14 Buckeye 91,502
71%
13 Goodyear 95,294
69%
26 Prescott 45,827
69%
20 Lake Havasu City 57,144
68%
69 Sedona 9,684
60%
19 Maricopa 58,125
58%
15 Avondale 89,334
55%
25 Prescott Valley 46,785
55%
21 Casa Grande 53,658
53%
34 Kingman 32,689
50%
43 Nogales 19,770
50%
18 Queen Creek 59,519
50%
27 Sierra Vista 45,308
45%
30 Apache Junction 38,499
44%
28 Bullhead City 41,348
42%
24 Oro Valley 47,070
40%
11 San Tan Valley 99,894
38%
29 Sun City 39,931
38%
73 Winslow 9,005
37%
23 Marana 51,908
36%
78 Page 7,440
33%
32 San Luis 35,257
32%
79 Globe 7,249
30%
45 Douglas 16,534
29%
37 Florence 26,785
29%
65 Show Low 11,732
29%
76 Catalina 7,551
28%
17 Casas Adobes 70,973
25%
59 Paradise Valley 12,658
25%
96 Bisbee 4,923
23%
22 Catalina Foothills 52,401
23%
31 El Mirage 35,805
23%
39 Fountain Hills 23,820
23%
46 Payson 16,351
23%
33 Sahuarita 34,134
23%
38 Sun City West 25,806
23%
77 Wickenburg 7,474
23%
56 Coolidge 13,218
22%
70 Arizona City 9,668
21%
97 Cave Creek 4,892
21%
98 Holbrook 4,858
21%
75 Tuba City 8,072
21%
40 Anthem 23,190
20%
50 Eloy 15,635
18%
91 Guadalupe 5,322
18%
85 Snowflake 6,104
18%
80 Tolleson 7,216
17%
57 Chino Valley 13,020
16%
63 Cottonwood 12,029
16%
53 Somerton 14,197
16%
90 Benson 5,355
15%
35 Fortuna Foothills 27,776
15%
41 Green Valley 22,616
15%
100 Kayenta 4,670
15%
42 Rio Rico 20,549
15%
82 Litchfield Park 6,847
14%
68 Safford 10,129
14%
61 Camp Verde 12,147
11%
36 Drexel Heights 27,523
11%
48 Fort Mohave 16,190
9%
44 New River 17,290
9%
52 Sierra Vista Southeast 14,428
9%
51 Sun Lakes 14,868
9%
47 Tanque Verde 16,250
9%
92 Thatcher 5,231
9%
62 Tucson Estates 12,069
9%
55 Vail 13,604
9%
74 Golden Valley 8,801
8%
81 Youngtown 7,056
8%
93 Citrus Park 5,194
7%
86 Doney Park 5,910
7%
66 Gold Canyon 11,404
7%
99 Summit 4,724
6%
49 Flowing Wells 15,657
5%
89 Paulden 5,567
5%
87 Rincon Valley 5,612
5%
60 Saddlebrooke 12,574
5%
84 Village of Oak Creek 6,128
5%
88 Avra Valley 5,569
4%
72 Corona de Tucson 9,240
4%
95 Lake Montezuma 5,111
4%
58 New Kingman-Butler 12,907
4%
71 Picture Rocks 9,551
4%
94 Three Points 5,184
4%
54 Valencia West 14,101
4%
64 Verde Village 12,019
4%
83 Williamson 6,196
4%
67 Tucson Mountains 10,862
2%
No matching quizzes found
Score Distribution
Percent of People with Each Score
Percentile by Number Answered
Your Score History
You have not taken this quiz since the last reset